| 000 | 00772nam a22002175a 4500 | ||
|---|---|---|---|
| 005 | 20090821120125.0 | ||
| 008 | 090106s2008 ii b 001 0 eng | ||
| 010 | _aENG-94787 | ||
| 020 |
_a8190715515 _c75.00 |
||
| 035 | _aEN-78320 | ||
| 037 | _bDBAD / PUB | ||
| 040 |
_adpl _bEnglish |
||
| 082 | _a368 | ||
| 100 | _aBuvaneswaran, V. | ||
| 245 |
_aInsurance / _cby V. Buvaneswaran |
||
| 260 |
_aThanjavur _bGlobal Publications _c2008 |
||
| 270 |
_aDepartment of Management Studies, Marudupandiyar Collge, Vallam (Post) _bThanjavur _e613403 |
||
| 300 |
_a133p. _c22cm(pbk) |
||
| 942 |
_2ddc _cEN _mBUV _h368 |
||
| 999 |
_c29369 _d29369 |
||